| 000 | 01638nam a2200181Ia 4500 | ||
|---|---|---|---|
| 999 |
_c8252 _d8252 |
||
| 005 | 20250123094949.0 | ||
| 008 | 230609s9999 xx 000 0 und d | ||
| 040 |
_aUPAN _cBiblioteca San Vicente _eRCAA2 |
||
| 041 | _aspa | ||
| 082 |
_a348.023 _bC678l _c2003 |
||
| 110 | _aCorte Suprema de Justicia | ||
| 245 | 0 |
_aLey de medición, conciliación y arbitraje/ _bCorte Suprema de Justicia |
|
| 260 |
_aEl Salvador; _bCorte suprema de justicia, _c2003 |
||
| 300 |
_a138 p.: _c22 cm. |
||
| 505 | _aDecreto nº 914. Ley de mediación, conciliación y arbitraje Titulo primero. Disposiciones generales Titulo segundo. De la mediación y conciliación Titulo tercero. Del arbitraje Titulo cuarto. De los centros de arbitraje Titulo quinto. Disposiciones transitorias, derogatoria y vigencia Decreto nº 884. Ley de arrendamiento financiero Titulo primero. Disposiciones fundamentales Titulo segundo. Operaciones de arrendamiento financiero Titulo tercero. Disposiciones tributarias Titulo cuarto. Disposiciones especiales Titulo quinto. Aplicación supletoria Titulo sexto. Disposiciones finales Decreto nº 868. Ley de marcas y otros signos distintivos Titulo I. Disposiciones preliminares Titulo II. Marcas Titulo III. Marcas colectivas Titulo IV. Expresiones o señales de publicidad comercial Titulo V. Nombres comerciales y emblemas Titulo VI. Indicaciones geográficas Titulo VII. Normas comunes Titulo IX. Competencia desleal Titulo X. Del registro de la propiedad industrial Titulo XI. Tasas Titulo XII. Disposiciones comunes, transitorias y vigencias | ||
| 650 |
_2LEMB _aDerecho comercial |
||
| 942 |
_cBK _2ddc |
||